00649nam a2200145 a 4500008004100000050001600041245005700057246007000114260005100184300002000235350000900255995009000264999001700354952013200371120416s1980 ||||||||||||||||| || u aQC 73.6 Boa10aEnergy survey methodologies for developing countries aThe Board on Science and Technology for International Development aWashington, D.C.bNational Academy Pressc1980 avi, 220p. : ill a0.00 D0.00FCBU-MAIN LIBRARY (Kitwe)H1I6.00UDAMAGEDZMain Library Open Access Collection c41898d41898 00102lcc4070a001b001cMain Library Open Access Collectiond2022-11-30l0oQC 73.6 Boap012134r2022-11-30w2022-11-30y002